000 00777nam a22002057a 4500
999 _c4971
_d4971
003 AR-CdUCM
008 190311b ||||| |||| 00| 0 spa d
040 _aMUNICIPALIDAD PROVINCIAL DEL CUSCO
_cBIBLIOTECA MUNICIPAL DEL CUSCO
082 _a340.92 /
_bL697
110 _aComite editorial del libro homenaje al profesor Mario Alzamora Valdez
_915230
245 _aLibro homenaje a Mario Alzamora Valdez
260 _aLima :
_bCultural Cuzco,
_c1988.
300 _a717 páginas ;
_c23 cm.
505 _aEn torno a la noveción objetiva -- La legítima y la porción disponible -- El arbitraje comercial en el Perú -- El hombre y su hombre...
650 _aMario Alzamora.
_915231
650 _aDerecho.
_9739
650 _aLeyes.
_94808
942 _2ddc
_cLIBROS
945 _awfj